Normal view
MARC view
Entry Personal Name
001 - CONTROL NUMBER
- control field: 10979
003 - CONTROL NUMBER IDENTIFIER
- control field: HDC
005 - DATE AND TIME OF LATEST TRANSACTION
- control field: 20230624073338.0
008 - FIXED-LENGTH DATA ELEMENTS
- fixed length control field: 210205|| aca||aabn | a|a d
040 ## - CATALOGING SOURCE
- Original cataloging agency: HDC
- Transcribing agency: HDC
100 ## - HEADING--PERSONAL NAME
- Personal name: Baharom Bakar
670 ## - SOURCE DATA FOUND
- Source citation: Work cat.: (HDC): Baharom Bakar, author, Jenama 'T' perkenal produk IKS /, 2012
